000 00827nas a2200277 4500
001 BR0304257
003 BR-BrBNA
005 20231205104018.0
007 ta
008 230509b bl.|||p| |||| 00| 00por d
040 _aBR-BrBNA
_bpor
_cBiblioteca Nacional de Agricultura
041 _a(Pt)
072 _aP35
100 1 _aPereira, M.G.
100 1 _aAnjos, L.H.C. dos
100 1 _aPacheco, M.P.
100 1 _aLaprovitera, R.O.
245 1 _aAdsorção de fósforo em solos formados a partir de diferentes tipos de material de origem
650 _aFERTILIDADE DO SOLO
650 _aFÓSFORO
650 _aADSORÇÃO
650 _aSOLO ÁCIDO
773 0 _tAgronomia (Brazil)
_xISSN 0365-2718
_g(Jan-Dec 2000), v. 34(1-2) p. 7-13
_wBR0304257
909 _a202311
_bLúcia
_c55
_dLúcia Elande
942 _2AGRIS
_n0
_cANA
999 _c175948
_d175948